Law and Practice of the United Nations (Record no. 1188443)

MARC details
000 -LEADER
fixed length control field 00810nam a2200277Ia 4500
003 - CONTROL NUMBER IDENTIFIER
control field OSt
005 - DATE AND TIME OF LATEST TRANSACTION
control field 20221007105545.0
008 - FIXED-LENGTH DATA ELEMENTS--GENERAL INFORMATION
fixed length control field 221006b |||||||| |||| 00| 0 eng d
020 ## - INTERNATIONAL STANDARD BOOK NUMBER
International Standard Book Number 9780195308433
037 ## - SOURCE OF ACQUISITION
Terms of availability Textual
040 ## - CATALOGING SOURCE
Original cataloging agency LCO
Transcribing agency LCO
Language of cataloging eng
041 ## - LANGUAGE CODE
Source of code eng
Language code of text/sound track or separate title eng
100 ## - MAIN ENTRY--PERSONAL NAME
Personal name Chesterman Simon
9 (RLIN) 706733
245 #0 - TITLE STATEMENT
Title Law and Practice of the United Nations
Remainder of title Documents and Commentary
260 ## - PUBLICATION, DISTRIBUTION, ETC.
Place of publication, distribution, etc. New
Name of publisher, distributor, etc. York Oxford University Press India
Date of publication, distribution, etc. 2008
300 ## - PHYSICAL DESCRIPTION
Extent 648
650 ## - SUBJECT ADDED ENTRY--TOPICAL TERM
Topical term or geographic name entry element UNITED NATIONS
700 ## - ADDED ENTRY--PERSONAL NAME
Personal name Franck Thomas M.
700 ## - ADDED ENTRY--PERSONAL NAME
Personal name Malone David M.
9 (RLIN) 706734
942 ## - ADDED ENTRY ELEMENTS (KOHA)
Classification part Z1N4, P8
Koha item type Textual
Holdings
Withdrawn status Lost status Damaged status Not for loan Home library Current library Date acquired Total Checkouts Full call number Barcode Date last seen Price effective from Koha item type
        Law Centre-I Library Law Centre-I Library 2022-10-07   Z1N4 P8 LO1366117 2022-10-07 2022-10-07 Textual
Copyright @ Delhi University Library System